Riadenie rizík v medzinárodnom obchode bakalárska práca

Salvato in:
Dettagli Bibliografici
Autore principale: Maslišová, Antónia
Ente Autore: Podnikovohospodárska fakulta EU so sídlom v Košiciach. Katedra obchodného podnikania
Altri autori: Zuzik, Jozef, 1985-
Natura: Libro
Lingua:slovacco
Pubblicazione: Košice 2023
Tags: Aggiungi Tag
Nessun Tag, puoi essere il primo ad aggiungerne!!

MARC

LEADER 00000nbm a2200000 4500
001 0294399
005 20240619100520.8
041 0 |a slo 
044 |a SK 
245 1 0 |a Riadenie rizík v medzinárodnom obchode  |b bakalárska práca  |c Antónia Maslišová ; školiteľ: Jozef Zuzik 
264 1 |a Košice  |c 2023 
300 |a 40 s. 
100 1 |a Maslišová, Antónia 
700 1 |a Zuzik, Jozef, 1985- 
710 2 |a Podnikovohospodárska fakulta EU so sídlom v Košiciach. Katedra obchodného podnikania